000 00637nam a2200193Ii 4500
003 JO-AjNU
008 230605s9999||||xx |||||||||||||| ||und||
040 _aJO-AjNU
_bara
_erda
_cJO-AjNU
041 _aara
050 1 4 _aBP130.7 1984
100 3 _aالرازي، فخر الدين محمد بن عمر بن الحسين 606هجري,
_eauthor
_910560
245 0 0 _aعجائب القرآن
264 3 1 _aبيروت: دار الكتب العلمية، 1984
300 _a176ص
336 _atext
_btxt
_2rdacontent
337 _aunmediated
_bn
_2rdamedia
338 _avolume
_bnc
_2rdacarrier
650 4 _aالقران الكريم
_910561
999 _aA1867
_c5435
_d5435